书目信息 |
| 题名: |
CASIO fx-50F编程计算器原理与测量程序
|
|
| 作者: | 覃辉 编著 | |
| 分册: | ||
| 出版信息: | 北京 人民交通出版社 2008.06 |
|
| 页数: | 218页 | |
| 开本: | 21cm | |
| 丛书名: | ||
| 单 册: | ||
| 中图分类: | TP323 | |
| 科图分类: | ||
| 主题词: | 可编程计算器--ke bian cheng ji suan qi | |
| 电子资源: | ||
| ISBN: | 978-7-114-07232-1 | |
| 000 | 00850nam0 2200241 450 | |
| 001 | 012008636907 | |
| 005 | 20080901195258.50 | |
| 010 | @a978-7-114-07232-1@dCNY20.00 | |
| 100 | @a20080901d2008 em y0chiy0120 ea | |
| 101 | 0 | @achi |
| 102 | @aCN@b110000 | |
| 105 | @aak a 000yy | |
| 106 | @ar | |
| 200 | 1 | @aCASIO fx-50F编程计算器原理与测量程序@ACASIO fx-50F bian cheng ji suan qi yuan li yu ce liang cheng xu@f覃辉编著@Ftan hui bian zhu |
| 210 | @a北京@c人民交通出版社@d2008.06 | |
| 215 | @a218页@c图@d21cm | |
| 320 | @a有书目 (第218页) | |
| 330 | @a本书使用大量案例详细介绍了fx-50F的基本功能与使用技巧。内容包括:CASIO fx-50F的基本操作、复数计算、统计计算等。 | |
| 606 | 0 | @a可编程计算器@Ake bian cheng ji suan qi |
| 690 | @aTP323@v4 | |
| 701 | 0 | @a覃辉@Atan hui@4编著 |
| 801 | 0 | @aCN@bQSSK@c20080901 |
| 905 | @b733732-34@dTP323@eT462@f3 | |
| CASIO fx-50F编程计算器原理与测量程序/覃辉编著.-北京:人民交通出版社,2008.06 |
| 218页:图;21cm |
| ISBN 978-7-114-07232-1:CNY20.00 |
| 本书使用大量案例详细介绍了fx-50F的基本功能与使用技巧。内容包括:CASIO fx-50F的基本操作、复数计算、统计计算等。 |
| ● |
| 相关链接 |
|
|
|
正题名:CASIO fx-50F编程计算器原理与测量程序
索取号:TP323/T462
 
预约/预借
| 序号 | 登录号 | 条形码 | 馆藏地/架位号 | 状态 | 备注 |
| 1 | 733732 | 207337327 | 自科库301/301自科库 60排5列2层/ [索取号:TP323/T462] | 在馆 | |
| 2 | 733733 | 207337336 | 自科库301/301自科库 60排5列2层/ [索取号:TP323/T462] | 在馆 | |
| 3 | 733734 | 207337345 | 自科库301/301自科库 84排2列4层/ [索取号:TP323/T462] | 在馆 |